Salicetea purpureae Moor 1958 : Alnetea glutinosae Br.-Bl.et Tx.1943 /

Korporativní autor: Botanický ústav (Akademie věd ČR)
Další autoři: Neuhäuslová, Zdenka, 1934-2021
Jazyk: Čeština
Vydáno: Průhonice : Botanický ústav ČSAV, 1983
Edice: Bibliographia Syntaxonomica Čechoslovaca ad annum 1970
Externí odkaz: Digitalizovaný dokument
Fyzický popis: 51 s.
Language note: Předml. též něm. a angl.
Knihy
Uloženo v:
LEADER 01243nam a2200313 a 4500
001 000463410
003 CZ BrMZK
005 20190426121803.0
007 ta
008 000105s1983 xr f cze d
015 |a cnb000008511 
040 |a BOA001  |b cze 
080 |a 582.623:016  |2 MRF 
080 |a 582.632.1:026  |2 MRF 
245 0 0 |a Salicetea purpureae Moor 1958 :  |b Alnetea glutinosae Br.-Bl.et Tx.1943 /  |c red. Zdenka Neuhäuslová 
246 1 4 |a Salicetea purpureae. Alnetea glutinosae 
260 |a Průhonice :  |b Botanický ústav ČSAV,  |c 1983 
300 |a 51 s. 
490 1 |a Bibliographia Syntaxonomica Čechoslovaca ad annum 1970 ;  |v Vol. 1 
504 |a Obsahuje bibliografii 
546 |a Předml. též něm. a angl. 
546 |a Úv. též něm. 
700 1 |a Neuhäuslová, Zdenka,  |d 1934-2021  |7 jk01090030  |4 aut 
710 2 |a Botanický ústav (Akademie věd ČR)  |7 kn20010709006 
830 0 |a Bibliographia Syntaxonomica Čechoslovaca ad annum 1970 
856 4 1 |u http://www.digitalniknihovna.cz/mzk/uuid/uuid:2fd7a380-5b1c-11e3-ae59-005056827e52  |y Digitalizovaný dokument  |x NDK 
910 |a BOA001  |b 2-0874.932 
990 |a BK 
996 6 |b 2619756618  |c 2-0874.932  |l MZK  |r Sklad / do 1 hodiny  |n 5  |w 000463410  |u 000010  |a 1  |e BOA001  |j MZK50  |s P